00000000nas##2200000za#4500
0019.509888
003CaOODSP
00520210305155315
007ta
008150406c1993||||xxc|| p #||||f|   |0eng|d
040 |aCaOODSP|beng
041 |aeng
041 |afre
043 |an-cn---
0861 |aXC1-343/301
1101 |aCanada.|bHouse of Commons. |bLegislative Committee on Bill C-301.
24510|aLegislative Committee on Bill C-301, An Act to amend the Financial Adminstration Act (financial information), minutes of proceedings and evidence / |cChairman: Mr. Don Blenkarn.
260 |bHouse of Commons.
310 |aIrregular
3621 |a3rd session, 34th parliament, 40-42 Elizabeth II, 1991-1993
546 |aBilingual
792 |tComité législatif sur le projet de loi C-301, Loi modifiant la Loi sur la gestion des finances publiques (renseignements financiers), Procès-verbaux et témoignages / |efre|w(CaOODSP)9.509889